000 00599cam a2200193 4500
001 D13579
008 090401t1931 xxu||||| |||| 00| 0 eng d
035 _a(Sirsi) u10504
041 _aeng
100 _aParry, Richard
245 _aBook-keeping: an elementary text book for the use of surveyors, land and estate agents, land owners, and others interested in the profession of the land
250 _a2nd rev
260 _aLondon
_bEstates Gazette
_c1931
350 _a0
520 _aShelf 133; 2nd ed rev and enlarged
700 _aShott, Cecil Douglas
942 _n0
948 _c04/03/1997
999 _c86751
_d86751